1014 1934 1415 1427 1732 1847 1790 1140 1485 1794 1536 1609 1051 1615 1421 1193 1618 1978 1532 1927 1312 1829 1419 1885 1554 1919 1686 1953 1612 1619 1833 1468 1940 1484 1850 1736 1184 1263 1534 1507 1827 1177 1954 1249 1697 1599 1681 1982 1512 1092 1877 1524 1393 1665 1936 1013 1598 1274 1320 1118 1393 1547 1785 1695 1995 1659 1615 1932 1971 1934 1769 1668 1138 1919 1467 1476 1754 1934 1552 1836 1415 1417 1677 1037 1946 1553 1919 1080 1163 1517 1036 1489 1016 1329 1051 1114 1659 1496 1880 BCNSPRNW ULIB Ver.6.0+V

เปลี่ยนเป็นภาษาไทย

Change to English
 แสดงรายละเอียดบรรณานุกรม
  กลับหน้าหลัก

Brief Record : Get Marc (ISO 2709) : E-mail record : QR code < ปิดหน้าต่าง
LEADER : 00000nam 2200000uu 4500
001    13399124456
003     ULIB
008    150723s2557||||th 000 0 tha d
020    ^a9786162795220
060  4 ^aWY160^bว815ก
245 10 ^aการพยาบาลจิตเวชศาสตร์ :^bPsychiatric Nursing/^cบรรณาธิการ อัจฉราพร สี่หิรัญวงศ์ และคนอื่นๆ.
250    ^aพิมพ์ครั้งที่ 1.
260    ^aนครปฐม:^bสายธุรกิจโรงพิมพ์,^c2557.
300    ^a534 หน้า.:^bภาพประกอบ
505 0  ^a^tหน่วยที่ 1 แนวคิดพื้นฐานทางการพยาบาลสุขภาพจิตและจิตเวช--^tหน่วยที่ 2
650  7 ^aการพยาบาลจิตเวช.
700 0  ^aอัจฉราพร สี่หิรัญวงศ์ ^eบรรณาธิการ
700 0  ^aประภา ยุทธไตร ^eบรรณาธิการ
700 0  ^aพวงเพชร เกษรสมุทร^eบรรณาธิการ
700 0  ^aวารีรัตน์ ถาน้อย^eบรรณาธิการ
945    ^p300^l0^i22990
945    ^p300^l0^i22991
945    ^p300^l0^i23110
945    ^p300^l0^i23111
945    ^p300^l0^i23112
999    ^aทศพร เกษรทอง
รายการนี้ยังไม่มีแท็ก
คุณยังไม่ได้ล็อกอิน คุณสามารถมีกิจกรรมร่วมกับเว็บไซต์ได้ แต่ต้องล็อกอินก่อน ::
  ล็อกอิน

รายการสื่อสารสนเทศ

ลำดับที่ ประเภท เลขเรียก/บาร์โค้ด สถานที่ สถานะ
1. Book การพยาบาล
Book การพยาบาล
สถานะ=หนังสือเก่า
WY160 ว815ก ฉ.1 
  Barcode: 22990
ห้องสมุดวิทยาเขตนครสวรรค์
►ส่วนจัดเก็บหนังสือเก่า นว.
บนชั้น
  ขอยืม
2. Book การพยาบาล
Book การพยาบาล
สถานะ=หนังสือเก่า
WY160 ว815ก ฉ.2 
  Barcode: 22991
ห้องสมุดวิทยาเขตนครสวรรค์
►ส่วนจัดเก็บหนังสือเก่า นว.
บนชั้น
  ขอยืม
3. Book การพยาบาล
Book การพยาบาล
สถานะ=หนังสือเก่า
WY160 ว815ก ฉ.3 
  Barcode: 23110
ห้องสมุดวิทยาเขตนครสวรรค์
►ส่วนจัดเก็บหนังสือเก่า นว.
บนชั้น
  ขอยืม
4. Book การพยาบาล
Book การพยาบาล
สถานะ=หนังสือเก่า
WY160 ว815ก ฉ.4 
  Barcode: 23111
ห้องสมุดวิทยาเขตนครสวรรค์
►ส่วนจัดเก็บหนังสือเก่า นว.
บนชั้น
  ขอยืม
5. Book การพยาบาล
Book การพยาบาล
สถานะ=หนังสือเก่า
WY160 ว815ก ฉ.5 
  Barcode: 23112
ห้องสมุดวิทยาเขตนครสวรรค์
►ส่วนจัดเก็บหนังสือเก่า นว.
บนชั้น
  ขอยืม

รายการใกล้เคียง
    หัวเรื่อง [การพยาบาลจิตเวช.]

BibComment


ยังไม่เคยถูกคอมเมนท์

คอมเมนท์ทรัพยากรรายการนี้
  คอมเมนท์: การพยาบาลจิตเวชศ..


 Copyright 2026. Bcnsprnw @Library